000 00597nam a22002297a 4500
003 UA-OsUOA
001 20510
007 ta
008 20031031b un ||||| |||| 00| 0 ukr d
090 _a912(100)
_bМ20
942 _cBK
040 _aUA-OsUOA
_brus
_cUA-OsUOA
_dUA-OsUOA
245 _aМалый атлас мира
300 _a222 с.
_bІлюстрації
955 _a0
041 _arus
080 _a912(100)
260 _aМосква
_bГлавное управление геодезии и картографии
_c1982
044 _aRU
650 7 _2UDC
999 _c306689
_d306689